Analyzing repeated surveys

Αποθηκεύτηκε σε:
Λεπτομέρειες βιβλιογραφικής εγγραφής
Κύριος συγγραφέας: Firebaugh, Glenn
Μορφή: Βιβλίο
Γλώσσα:English
Δημοσίευση: London : Sage Publications, c1997
Σειρά:Sage university papers series. Quantitative applications in the social sciences ; ; 115
Θέματα:
Ετικέτες: Προσθήκη ετικέτας
Δεν υπάρχουν, Καταχωρήστε ετικέτα πρώτοι!

MARC

LEADER 00000nam a2200000 i 4500
001 1/17856
008 981014s1997 eng d
020 |a 0-8039-7398-5 
035 |l 10020706 
040 |a GR-MY-UA  |b gre  |e aacr 
041 0 |a eng 
082 0 |a 300.723 
100 1 |a Firebaugh, Glenn. 
245 1 0 |a Analyzing repeated surveys /  |c Glenn Firebaugh 
260 |a London :   |b Sage Publications,   |c c1997 
300 |a 71 p.  |b tabl. 
490 1 |a Sage university papers series. Quantitative applications in the social sciences  |v ; 115 
504 |a Includes bibliographical references 
650 0 0 |a Social surveys. 
650 0 0 |a Social surveys  |x Methodology. 
650 0 0 |a Change (Psychology) 
830 0 |a Sage university papers series. Quantitative applications in the social sciences ;  |v ; 115 
852 |a INST  |b LESVOS  |e 19981014  |h 300.723 FIR  |p 005100018316  |q 005100018316  |t BK  |y 0 
901 |a BIBL-1999-1 
909 |a Λ  |b 059517 
922 |a 1ΕΛΗ  |b 199809  |c ΚΠΣ/ΤΓ  |d ΠΑΠΑΣΩΤΗΡΙΟΥ 
950 |a 118-1998-07-23